00620nam a2200181 a 450000500170000000800410001702000180005805000230007610000170009924500360011626000320015230000090018444000300019352000520022365000240027599900190029995201200031820140412111429.0090226s19uu xx 00 eng d a0-439-33490-x aTR(PS EbTo55 2002 aRex, Michael aThe Tooth fairy /cMichael Rex. aU.S.A :bScholastic,c2002. aunp. aWord by word first reader aA Visit from a Tooth fairy begins an adventure. aTooth fairy-fiction c106318d106318 00104050aELbELcTRd2009-02-26eGiftg125.00l0oTR(PS E To55 2002pE11578r2014-04-12 00:00:00w2014-04-12yBK